Dopravní sítě v krajině
Dopravné siete. Cestná sieť. Železničná sieť. Vodné cesty. Sieť potrubí. Dopravné siete a vplyvy na krajinu.
Na minha lista:
| Autor principal: | |
|---|---|
| Formato: | Capítulo de Livro |
| Idioma: | tcheco |
| Assuntos: | |
| Tags: |
Sem tags, seja o primeiro a adicionar uma tag!
|
MARC
| LEADER | 00000naa a2200000 4500 | ||
|---|---|---|---|
| 001 | 0121605 | ||
| 005 | 20231128133106.5 | ||
| 041 | 0 | |a cze | |
| 044 | |a SK | ||
| 245 | 1 | 0 | |a Dopravní sítě v krajině |c Jana Zapletalová |
| 520 | |a Dopravné siete. Cestná sieť. Železničná sieť. Vodné cesty. Sieť potrubí. Dopravné siete a vplyvy na krajinu. | ||
| 610 | 2 | 0 | |a siete dopravné |
| 610 | 2 | 0 | |a siete cestné |
| 610 | 2 | 0 | |a siete kanalizačné |
| 610 | 2 | 0 | |a siete železničné |
| 610 | 2 | 0 | |a toky vodné |
| 610 | 2 | 0 | |a prostredie životné |
| 100 | 1 | |a Zapletalová, Jana | |